000 01171nam0a22002651 4500
001 rc\644417
005 20031121164826.7
035 _a(NLR Aleph) 005885280
090 _a6120491
_c6120491
100 _a20031121d1986 u |0rusy50 ca
101 0 _arus
102 _aRU
105 _aa |||||||||
200 1 _aПрогноз и оценка нефтегазоносности недр на больших глубинах
_f[С.Н. Симаков, К.А. Аникиев, Т.П. Артамонова и др.]
_gПод ред. С.Н. Симакова
_gВсесоюз. нефт. н.-и. геол.-развед. ин-т
210 _aЛ.
_cНедра. Ленингр. отд-ние
_d1986
215 _a246, [2] с.
_cил., карт.
_d22
300 _aАвт. указаны на обороте тит. л.
320 _aБиблиогр.: с. 245-247 (51 назв.)
701 1 _aСимаков
_bС. Н.
712 0 2 _aВсесоюзный нефтяной н.-и. геологоразведочный ин-т
_cЛенинград
_3RU\NLR\AUTH\889936445
801 0 _aRU
_bNLR
_gpsbo
801 1 _aRU
_bELAR
_2rusmarc
852 _aNLR
_j86-5/887
942 _cBOOK
980 _aNB